00938nam a22001217a 4500008004100000050001600041100002300057245004700080260004600127300002300173505060700196650001300803120821t xxu||||| |||| 00| 0 eng d aQA303.2.R21 aRansom, William R. aWhat calculus can do. /cWilliam R. Ransom aPortland, Maine:bJ. Weston Walsh,c1967. aix, 142 p.:bill.; aContents: Fundamentals -- Formulas for differentiation -- Rates -- Expansions -- Plane curves -- Integration -- Differential equations -- Second order differential equations -- Areas and definite integrals -- Limits -- Partial differentiation -- Extreme values -- Surfaces -- Space curves -- Fourier's series -- Complex numbers -- Variation -- Means and moments -- Laplace transforms -- Einstein's mass energy -- Further diverse applications -- Appendix\; Logarithms to base e =2.718, Hyperbolic, Inverse trigonometric, Logarithms of factorial N, Table of integrals, Condensed numerical table -- Index bCalculus